Prolegomena to a grammar of Basque (Record no. 217297)
[ view plain ]
| 000 -LEADER | |
|---|---|
| fixed length control field | 01428nam a2200337 a 4500 |
| 100 1# - MAIN ENTRY--AUTHOR NAME | |
| Personal name | Wilbur, Terence H. |
| 245 10 - TITLE STATEMENT | |
| Title | Prolegomena to a grammar of Basque |
| 260 ## - PUBLICATION, DISTRIBUTION, ETC. (IMPRINT) | |
| Place of publication | Amsterdam : |
| Name of publisher | J. Benjamins, |
| Year of publication | 1979. |
| 300 ## - PHYSICAL DESCRIPTION | |
| Number of Pages | x, 188 p. |
| 490 1# - SERIES STATEMENT | |
| Series statement | Amsterdam studies in the theory and history of linguistic science. Series 4, Current issues in linguistic theory, |
| 650 #0 - SUBJECT ADDED ENTRY--TOPICAL TERM | |
| Topical Term | Basque language |
| 856 40 - ELECTRONIC LOCATION AND ACCESS | |
| Uniform Resource Identifier | http://site.ebrary.com/lib/rucke/Doc?id=10509477 |
No items available.
